[Event "Mitropa Cup"]
[Site "Charleville (Frankreich)"]
[Date "2000.11.25"]
[Round "1.1"]
[White "Hauchard, Arnaud"]
[Black "Tratar, Marko"]
[Result "1/2-1/2"]
[WhiteElo "2539"]
[BlackElo "2410"]
[Annotator "FRANCE-SLOVENIE"]
[PlyCount "137"]
[EventDate "2000.11.25"]

1. d4 Nf6 2. c4 d6 3. Nf3 g6 4. g3 Bg7 5. Bg2 O-O 6. O-O c6 7. Nc3 Bf5 8. Nh4
Be6 9. d5 cxd5 10. cxd5 Bd7 11. Be3 Ng4 12. Bd4 Bxd4 13. Qxd4 Qb6 14. Qxb6 axb6
15. Nf3 f5 16. h3 Nf6 17. Nd4 Na6 18. Rfc1 Rfc8 19. a3 Nc5 20. Na2 Nce4 21. Nb4
Kf7 22. e3 Rxc1+ 23. Rxc1 Rc8 24. Rxc8 Bxc8 25. Bf1 Ke8 26. Kg2 Nc5 27. f3 Bd7
28. g4 fxg4 29. hxg4 g5 30. Kf2 h5 31. gxh5 Nxh5 32. Bc4 Nf6 33. Na2 g4 34. Nc3
gxf3 35. Kxf3 Ng4 36. Ke2 Nf6 37. Bd3 Na4 38. Nxa4 Bxa4 39. Bg6+ Kd8 40. Ne6+
Kc8 41. Nf4 Bd7 42. Bd3 Nh5 43. Ng6 Kd8 44. Kd2 Nf6 45. Nf4 Ng4 46. Ne2 Nf6 47.
Nc3 Ng4 48. Bb5 Bf5 49. e4 Bc8 50. Ne2 Nf6 51. Ke3 e6 52. dxe6 Bxe6 53. Kd4 Kc7
54. Nc3 Bf7 55. Bc4 Be8 56. Be6 b5 57. Bf5 Bc6 58. Ne2 Kb6 59. Nf4 Ka5 60. Nd3
Ka4 61. e5 dxe5+ 62. Kxe5 Ne8 63. Nc5+ Ka5 64. b4+ Kb6 65. Be6 Kc7 66. Bg4 Nd6
67. Ne6+ Kd7 68. Nd4+ Kc7 69. Ne6+ 1/2-1/2

[Event "Mitropa Cup"]
[Site "Charleville (Frankreich)"]
[Date "2000.11.25"]
[Round "1.2"]
[White "Soln, Primoz"]
[Black "Fressinet, Laurent"]
[Result "0-1"]
[WhiteElo "2413"]
[BlackElo "2536"]
[Annotator "SLOVENIE-FRANCE"]
[PlyCount "52"]
[EventDate "2000.11.25"]

1. d4 d5 2. c4 c6 3. Nc3 e6 4. Nf3 dxc4 5. a4 Bb4 6. e4 Nf6 7. Bg5 c5 8. Bxc4
cxd4 9. Nxd4 h6 10. Bb5+ Nbd7 11. Bxf6 Qxf6 12. O-O O-O 13. Nde2 Ne5 14. Qc2 a6
15. Bd3 Bd7 16. Rad1 Rfd8 17. Qb3 Bc5 18. h3 Bc6 19. Bc4 b6 20. Kh1 Qh4 21. f3
g5 22. Rxd8+ Rxd8 23. Nb1 Ng6 24. Kh2 Bd6+ 25. g3 Bxg3+ 26. Nxg3 Nf4 0-1

[Event "Mitropa Cup"]
[Site "Charleville (Frankreich)"]
[Date "2000.11.25"]
[Round "1.1"]
[White "Gustafsson, Jan"]
[Black "Balinov, Ilija"]
[Result "1/2-1/2"]
[WhiteElo "2506"]
[BlackElo "2453"]
[Annotator "ALLEMAGNE-AUTRICHE"]
[PlyCount "157"]
[EventDate "2000.11.25"]

1. d4 f5 2. Bg5 h6 3. Bh4 g5 4. e4 Nf6 5. e5 e6 6. Bg3 f4 7. Bxf4 gxf4 8. exf6
Qxf6 9. Nf3 Nc6 10. Bb5 Bg7 11. c3 d6 12. Qe2 a6 13. Bd3 Bd7 14. Nbd2 O-O-O 15.
a4 Rde8 16. b4 e5 17. Ne4 exd4 18. Nxf6 Rxe2+ 19. Kxe2 Bxf6 20. b5 Re8+ 21. Kd1
Na5 22. cxd4 Nb3 23. Ra2 Nxd4 24. Nxd4 Bxd4 25. bxa6 Bc6 26. f3 Re5 27. Re1 Ra5
28. axb7+ Kxb7 29. Bc2 Be3 30. Ke2 Ka7 31. Bd3 Bd5 32. Rc2 c5 33. Bb5 Bb3 34.
Rb2 c4 35. Rxb3 cxb3 36. Rb1 Kb6 37. Rxb3 Ra7 38. Kd3 Bg1 39. Rb1 Bxh2 40. Rh1
Bg3 41. Rxh6 Kc5 42. Rh8 d5 43. Rh6 Rc7 44. Rf6 Rc8 45. Rf7 Ra8 46. Rc7+ Kd6
47. Rc6+ Ke5 48. Rc2 Bh4 49. Ra2 Bd8 50. Re2+ Kd6 51. Re8 Rb8 52. Rf8 Ke5 53.
Rh8 Bc7 54. Rh5+ Kd6 55. Rh6+ Ke5 56. Rg6 Rf8 57. Bd7 Rd8 58. Bg4 Re8 59. Rc6
Re7 60. Bh3 d4 61. Rc5+ Kd6 62. Rb5 Re5 63. Rb4 Ba5 64. Rxd4+ Rd5 65. Ke4 Rxd4+
66. Kxd4 Bc7 67. Kc4 Kc6 68. Kb4 Kb6 69. a5+ Ka6 70. Bc8+ Ka7 71. Kb5 Be5 72.
Bf5 Bc7 73. Bd3 Bd8 74. a6 Bc7 75. Kc6 Bb8 76. Bf1 Be5 77. Kd5 Bb8 78. g4 fxg3
79. Ke4 1/2-1/2

[Event "Mitropa Cup"]
[Site "Charleville (Frankreich)"]
[Date "2000.11.25"]
[Round "1.3"]
[White "Grund, Holger"]
[Black "Kuba, Guenter"]
[Result "1-0"]
[WhiteElo "2475"]
[BlackElo "2260"]
[Annotator "ALLEMAGNE-AUTRICHE"]
[PlyCount "91"]
[EventDate "2000.11.25"]

1. e4 e5 2. Nf3 Nc6 3. Nc3 Nf6 4. Bb5 Bb4 5. O-O O-O 6. d3 d6 7. Bg5 Bxc3 8.
bxc3 Qe7 9. Re1 Nd8 10. d4 Ne6 11. Bc1 c6 12. Bf1 Rd8 13. g3 Nf8 14. Nh4 h6 15.
Qf3 Bg4 16. Qg2 N6h7 17. h3 Bc8 18. Nf5 Qf6 19. Rb1 b6 20. Bd3 c5 21. f4 Ng6
22. dxe5 dxe5 23. Rf1 Qc6 24. Bc4 Bxf5 25. exf5 Ne7 26. fxe5 Qxg2+ 27. Kxg2 Nc6
28. Bf4 Ng5 29. Rfe1 Ne7 30. g4 Nd5 31. Bd2 a6 32. Rbd1 Ne7 33. h4 Nh7 34. Bf4
h5 35. Kf3 b5 36. Bd3 hxg4+ 37. Kxg4 Nd5 38. Be4 Nxc3 39. Bxa8 Nxd1 40. Bc6 Kf8
41. Kf3 b4 42. e6 fxe6 43. fxe6 Ke7 44. Bd7 Nc3 45. Be3 Kd6 46. Bxc5+ 1-0

[Event "Mitropa Cup"]
[Site "Charleville (Frankreich)"]
[Date "2000.11.25"]
[Round "1.4"]
[White "Pingitzer, Harald"]
[Black "Handke, Florian"]
[Result "1-0"]
[WhiteElo "2278"]
[BlackElo "2455"]
[Annotator "AUTRICHE-ALLEMAGNE"]
[PlyCount "81"]
[EventDate "2000.11.25"]

1. Nf3 c5 2. c3 Nf6 3. d4 e6 4. Nbd2 d5 5. e3 Nc6 6. Bd3 cxd4 7. exd4 Bd6 8.
O-O O-O 9. Re1 Qc7 10. Nf1 h6 11. Qe2 Bf4 12. Ne5 Bxc1 13. Raxc1 b6 14. Bb1 Bb7
15. Qd3 Rfd8 16. Re3 a5 17. Ng3 Ba6 18. Qc2 Rac8 19. Nxc6 Qxc6 20. Rf3 Ne4 21.
Re3 f5 22. f3 Nf6 23. Rce1 Re8 24. Ne2 Qd6 25. g3 Kf7 26. Nf4 g6 27. Rxe6 Qxf4
28. gxf4 Rxe6 29. Re5 Rce8 30. Qa4 R8e7 31. b4 Bc4 32. Bc2 b5 33. Qxa5 Nd7 34.
Rxe6 Rxe6 35. Bb3 Re1+ 36. Kf2 Re2+ 37. Kf1 Bd3 38. Bxd5+ Ke7 39. Kg1 Nf6 40.
Qc7+ Nd7 41. Bc6 1-0

[Event "Mitropa Cup"]
[Site "Charleville (Frankreich)"]
[Date "2000.11.25"]
[Round "1.1"]
[White "Varga, Zoltan"]
[Black "Belotti, Bruno"]
[Result "0-1"]
[WhiteElo "2541"]
[BlackElo "2417"]
[Annotator "HONGRIE-ITALIE"]
[PlyCount "58"]
[EventDate "2000.11.25"]

1. d4 Nf6 2. c4 c5 3. Nf3 cxd4 4. Nxd4 b6 5. Nc3 Bb7 6. Bg5 a6 7. f3 e6 8. e4
d6 9. Be2 Nbd7 10. a4 Be7 11. Be3 O-O 12. O-O Re8 13. Bf2 d5 14. exd5 exd5 15.
a5 dxc4 16. axb6 Qxb6 17. Bxc4 Ne5 18. Be2 Rad8 19. Nb3 Qc7 20. Qc2 Nd5 21. Na5
Bc8 22. Rfc1 Nb4 23. Qe4 Bc5 24. Nd1 Bxf2+ 25. Nxf2 Qb6 26. Nc4 Nxc4 27. Qxc4
Rd2 28. Re1 Rc2 29. Qb3 Rexe2 0-1

[Event "Mitropa Cup"]
[Site "Charleville (Frankreich)"]
[Date "2000.11.25"]
[Round "1.4"]
[White "Lanzani, Mario"]
[Black "Horvath, Adam"]
[Result "1/2-1/2"]
[WhiteElo "2419"]
[BlackElo "2425"]
[Annotator "ITALIE-HONGRIE"]
[PlyCount "55"]
[EventDate "2000.11.25"]

1. e4 c5 2. Nf3 e6 3. c3 Nf6 4. e5 Nd5 5. d4 cxd4 6. cxd4 d6 7. Bc4 Nb6 8. Bd3
dxe5 9. dxe5 Bd7 10. O-O Bc6 11. Qe2 N8d7 12. Nc3 a6 13. Rd1 Qc7 14. Bf4 Nc5
15. Bc2 Nba4 16. Nxa4 Nxa4 17. Be4 Bxe4 18. Qxe4 Qc6 19. Qxc6+ bxc6 20. Rac1
Nxb2 21. Rd2 Ba3 22. Be3 O-O 23. Bc5 Bxc5 24. Rxc5 Rfd8 25. Rd6 Nd3 26. Rcxc6
Nb4 27. Rb6 Nxa2 28. Rxa6 1/2-1/2

[Event "Mitropa Cup"]
[Site "Charleville (Frankreich)"]
[Date "2000.11.25"]
[Round "1.1"]
[White "Jenni, Florian"]
[Black "Kalod, Radek"]
[Result "1-0"]
[WhiteElo "2440"]
[BlackElo "2483"]
[Annotator "SUISSE-REPUBLIQUE TCHEQUE"]
[PlyCount "115"]
[EventDate "2000.11.25"]

1. e4 c5 2. Nf3 d6 3. d4 cxd4 4. Nxd4 Nf6 5. Nc3 a6 6. Be3 e6 7. Qd2 b5 8. f3
Bb7 9. g4 Nfd7 10. a3 Nb6 11. O-O-O N8d7 12. g5 Rc8 13. h4 Ne5 14. f4 Nec4 15.
Bxc4 Nxc4 16. Qd3 Qc7 17. Bd2 Qb6 18. h5 b4 19. Na4 Qa5 20. Bxb4 Qxa4 21. b3
Qd7 22. bxc4 Qc7 23. Nb3 d5 24. cxd5 Bxb4 25. axb4 Qxf4+ 26. Rd2 exd5 27. Nc5
Ba8 28. h6 gxh6 29. Qxa6 O-O 30. Qxh6 Rfd8 31. Qxh7+ Kf8 32. Qh6+ Ke7 33. exd5
Bxd5 34. Re1+ Be6 35. Qf6+ Qxf6 36. gxf6+ Kxf6 37. Nxe6 fxe6 38. Rxd8 Rxd8 39.
Kb2 e5 40. Kb3 Ke6 41. c4 Rd4 42. Kc3 Kd6 43. b5 Rh4 44. Rd1+ Kc7 45. Kb4 Rh8
46. Re1 Re8 47. c5 e4 48. Re3 Kb7 49. Kc4 Kc7 50. Kc3 Kd7 51. Kd4 Rb8 52. Kc4
Re8 53. Kd5 Rb8 54. b6 Rh8 55. Rxe4 Rh5+ 56. Re5 Rh6 57. c6+ Rxc6 58. Re7+ 1-0

[Event "Mitropa Cup"]
[Site "Charleville (Frankreich)"]
[Date "2000.11.25"]
[Round "1.2"]
[White "Cvek, Robert"]
[Black "Ekstroem, Roland"]
[Result "0-1"]
[WhiteElo "2408"]
[BlackElo "2487"]
[Annotator "REPUBLIQUE TCHEQUE-SUISSE"]
[PlyCount "146"]
[EventDate "2000.11.25"]

1. d4 Nf6 2. Nf3 c5 3. e3 d5 4. dxc5 e6 5. c4 Bxc5 6. a3 a5 7. Nc3 O-O 8. cxd5
exd5 9. Be2 Nc6 10. Nb5 Ne4 11. O-O f5 12. Bd2 Kh8 13. Bc3 f4 14. Bd4 fxe3 15.
fxe3 b6 16. Nc3 Nxd4 17. exd4 Nxc3 18. bxc3 Bd6 19. Ne5 Be6 20. Rxf8+ Qxf8 21.
Bg4 Bxe5 22. Bxe6 Bxh2+ 23. Kh1 Bc7 24. Qh5 Qd6 25. Bxd5 g6 26. Qe5+ Qxe5 27.
dxe5 Rd8 28. c4 Bxe5 29. Re1 Bd6 30. a4 Kg7 31. Re6 Kh6 32. Kg1 Bc5+ 33. Kf1
Rf8+ 34. Bf3 Kg5 35. Ke2 Kf5 36. Bd5 Kf4 37. Bf3 Kg3 38. Kd3 Rf4 39. Re4 Rf6
40. Ke2 h5 41. Re5 Kf4 42. Re4+ Kf5 43. Re8 h4 44. Be4+ Kf4 45. Bf3 g5 46. Re4+
Kf5 47. Re8 g4 48. Bd5 Kf4 49. Re6 Rf5 50. Re4+ Kg5 51. Re8 Rf2+ 52. Kd3 Kf4
53. Re4+ Kg5 54. Re8 Ra2 55. Bc6 Ra3+ 56. Ke2 Rc3 57. Bd5 Kf4 58. Re4+ Kf5 59.
Re8 Ra3 60. Bc6 h3 61. gxh3 gxh3 62. Rh8 h2 63. Kf1 Bd6 64. Kg2 Ra1 65. Kf2 Bf4
66. Rh5+ Ke6 67. Rh4 Kd6 68. Bd5 Be5 69. Rh6+ Kc5 70. Ke3 Bd6 71. Rh5 Rxa4 72.
Bf3+ Kb4 73. Rb5+ Kc3 0-1

[Event "Mitropa Cup"]
[Site "Charleville (Frankreich)"]
[Date "2000.11.25"]
[Round "1.4"]
[White "Vrana, Frantisek"]
[Black "Zueger, Beat"]
[Result "0-1"]
[WhiteElo "2285"]
[BlackElo "2416"]
[Annotator "REPUBLIQUE TCHEQUE-SUISSE"]
[PlyCount "104"]
[EventDate "2000.11.25"]

1. e4 e6 2. d3 d5 3. Nd2 Nf6 4. Ngf3 b6 5. e5 Nfd7 6. g3 c5 7. Bg2 Nc6 8. Qe2
Qc7 9. O-O Ndxe5 10. Nxe5 Qxe5 11. Qxe5 Nxe5 12. Re1 Nc6 13. Bxd5 Bb7 14. b3
Be7 15. Bf3 Bf6 16. Rb1 O-O-O 17. Bb2 Bxb2 18. Rxb2 Nd4 19. Bxb7+ Kxb7 20. f4
h6 21. Kg2 g5 22. fxg5 hxg5 23. Ne4 g4 24. Nf6 Nf3 25. Rh1 Ne5 26. Re1 Rxh2+
27. Kxh2 Nf3+ 28. Kg2 Nxe1+ 29. Kf2 Nf3 30. Nxg4 Nd4 31. Nf6 Rh8 32. Kg2 Rh6
33. Ne4 f5 34. Nf2 Ne2 35. c4 Nd4 36. b4 cxb4 37. Rxb4 Kc6 38. Nh3 Nc2 39. Rb1
Ne3+ 40. Kh2 Ng4+ 41. Kg2 Ne3+ 42. Kh2 Kc5 43. Rb5+ Kd4 44. Rb3 Ng4+ 45. Kg2
Ne3+ 46. Kh2 e5 47. Ra3 Rh7 48. Rb3 Ng4+ 49. Kg2 Ne3+ 50. Kh2 f4 51. gxf4 exf4
52. a4 f3 0-1

[Event "Mitropa Cup"]
[Site "Charleville (Frankreich)"]
[Date "2000.11.25"]
[Round "1.1"]
[White "Kozul, Zdenko"]
[Black "Plachetka, Jan"]
[Result "1/2-1/2"]
[WhiteElo "2611"]
[BlackElo "2373"]
[Annotator "CROATIE-SLOVAQUIE"]
[PlyCount "132"]
[EventDate "2000.11.25"]

1. d4 Nf6 2. Nf3 e6 3. c4 d5 4. g3 dxc4 5. Bg2 Nc6 6. O-O Rb8 7. e3 Bd6 8. Nfd2
e5 9. d5 Ne7 10. Nxc4 O-O 11. e4 Bd7 12. a4 Ng6 13. Nxd6 cxd6 14. Na3 Ne8 15.
Be3 b6 16. Qb3 f5 17. exf5 Bxf5 18. Rfc1 Rf7 19. Nc4 Nf6 20. a5 Be4 21. axb6
Bxg2 22. Kxg2 axb6 23. Qd1 Ne7 24. Bg5 Qd7 25. f3 Nf5 26. Ra3 Nd4 27. Be3 b5
28. Na5 b4 29. Raa1 Nf5 30. Bg1 Qb5 31. Nc6 Rbf8 32. Ra5 Qb7 33. Ra7 Qb5 34.
Ra5 Qb7 35. Rc4 b3 36. Rb4 Qc8 37. Qxb3 e4 38. Rb8 Qd7 39. Rxf8+ Rxf8 40. Ra7
Qc8 41. fxe4 Nxe4 42. Qf3 Re8 43. b4 h6 44. b5 Ng5 45. Qh5 Re1 46. g4 Kh7 47.
Bf2 Ne3+ 48. Bxe3 Qf8 49. Rf7 Nxf7 50. Qf5+ g6 51. Qf3 Rb1 52. Nd8 Kg8 53. Ne6
Qa8 54. Qf6 Qxd5+ 55. Kh3 Ng5+ 56. Bxg5 Rb3+ 57. Kh4 hxg5+ 58. Nxg5 Rxb5 59.
Qd8+ Kg7 60. Qe7+ Kg8 61. Ne4 Kh8 62. Qf6+ Kh7 63. Qe7+ Kh8 64. Nxd6 Rb8 65.
Nf7+ Kg8 66. Nh6+ Kh8 1/2-1/2

[Event "Mitropa Cup"]
[Site "Charleville (Frankreich)"]
[Date "2000.11.25"]
[Round "1.4"]
[White "Kujovic, Michal"]
[Black "Golubovic, Boris"]
[Result "1/2-1/2"]
[WhiteElo "2244"]
[BlackElo "2466"]
[Annotator "SLOVAQUIE-CROATIE"]
[PlyCount "95"]
[EventDate "2000.11.25"]

1. d4 d5 2. Bf4 c6 3. c3 Bf5 4. Qb3 Qb6 5. Nd2 Nf6 6. h3 e6 7. Ngf3 Be7 8. g4
Bg6 9. Ne5 Nfd7 10. Nxg6 hxg6 11. e4 Nf6 12. Bg2 dxe4 13. Bxe4 Nxe4 14. Nxe4
Nd7 15. O-O-O Nf6 16. Nxf6+ Bxf6 17. Rd3 O-O-O 18. Re1 Qxb3 19. axb3 c5 20. Re4
Rd7 21. Kc2 cxd4 22. cxd4 b6 23. Rc3+ Kb7 24. Be5 g5 25. Rf3 Rc8+ 26. Kb1 Bxe5
27. Rxe5 f6 28. Rxe6 Rxd4 29. Re7+ Rc7 30. Rxc7+ Kxc7 31. Kc2 a5 32. Kc3 Re4
33. Kd3 Rb4 34. Kc3 Kc6 35. Rf5 Rb5 36. Rf3 Rc5+ 37. Kd2 Kb5 38. Rc3 Kb4 39.
Rxc5 Kxc5 40. Kc3 Kb5 41. Kd3 Kb4 42. Kc2 g6 43. f3 Kc5 44. Kd3 Kd5 45. Kc3 Ke5
46. Kc4 Kf4 47. Kd5 f5 48. Ke6 1/2-1/2

[Event "Mitropa Cup"]
[Site "Charleville (Frankreich)"]
[Date "2000.11.26"]
[Round "2.1"]
[White "Tratar, Marko"]
[Black "Plachetka, Jan"]
[Result "1/2-1/2"]
[WhiteElo "2410"]
[BlackElo "2373"]
[Annotator "SLOVENIE-SLOVAQUIE"]
[PlyCount "76"]
[EventDate "2000.11.26"]

1. Nf3 d5 2. d4 Nf6 3. c4 e6 4. g3 dxc4 5. Bg2 Nc6 6. Qa4 Bd7 7. Qxc4 Na5 8.
Qc2 Rc8 9. O-O c5 10. Nc3 cxd4 11. Nxd4 Bc5 12. Rd1 Qb6 13. e3 O-O 14. Nb3 Nxb3
15. Qxb3 Qxb3 16. axb3 Bc6 17. Bd2 Bxg2 18. Kxg2 Rfd8 19. Kf3 Kf8 20. Ne4 Nxe4
21. Kxe4 Ke7 22. Ba5 Rxd1 23. Rxd1 Bd6 24. Bc3 f6 25. Ra1 a6 26. g4 Rc5 27. Kd3
Rd5+ 28. Kc2 h5 29. h3 Kf7 30. f4 hxg4 31. hxg4 Bc5 32. e4 Rd8 33. Rd1 Rxd1 34.
Kxd1 Bd6 35. f5 exf5 36. exf5 g6 37. fxg6+ Kxg6 38. Ke2 f5 1/2-1/2

[Event "Mitropa Cup"]
[Site "Charleville (Frankreich)"]
[Date "2000.11.26"]
[Round "2.2"]
[White "Likavsky, Tomas"]
[Black "Soln, Primoz"]
[Result "1-0"]
[WhiteElo "2409"]
[BlackElo "2413"]
[Annotator "SLOVAQUIE-SLOVENIE"]
[PlyCount "85"]
[EventDate "2000.11.26"]

1. d4 d5 2. c4 e6 3. Nf3 c6 4. Nbd2 f5 5. g3 Bd6 6. Bg2 Nf6 7. Ne5 O-O 8. O-O
b6 9. Ndf3 Bb7 10. cxd5 exd5 11. Bf4 Ne4 12. h4 Nd7 13. Rc1 c5 14. Nxd7 Qxd7
15. Bxd6 Qxd6 16. e3 a5 17. Ne5 Ba6 18. Re1 Rae8 19. Qa4 Rxe5 20. dxe5 Qxe5 21.
Qc2 Kh8 22. Red1 Bc4 23. a3 a4 24. Re1 b5 25. f4 Qe6 26. Kh2 Qg6 27. Bxe4 fxe4
28. Qg2 Qd6 29. g4 Bd3 30. Qg3 Qf6 31. Rxc5 Qxb2+ 32. Kh3 Qxa3 33. Rxd5 b4 34.
f5 Qb2 35. Rd4 b3 36. Qd6 Rg8 37. f6 Qf2 38. fxg7+ Kxg7 39. Qe5+ Kh6 40. Qh5+
Kg7 41. Rd7+ Kf8 42. Qc5+ Ke8 43. Qe7# 1-0

[Event "Mitropa Cup"]
[Site "Charleville (Frankreich)"]
[Date "2000.11.26"]
[Round "2.4"]
[White "Kujovic, Michal"]
[Black "Kos, Toni"]
[Result "1-0"]
[WhiteElo "2244"]
[BlackElo "2400"]
[Annotator "SLOVAQUIE-SLOVENIE"]
[PlyCount "41"]
[EventDate "2000.11.26"]

1. d4 Nc6 2. d5 Ne5 3. e4 e6 4. dxe6 dxe6 5. Qxd8+ Kxd8 6. f4 Ng6 7. Nf3 Nf6 8.
Bd3 Bd7 9. a3 Bc5 10. Nc3 Bc6 11. Ke2 a6 12. g3 Ke7 13. b4 Ba7 14. a4 Rhd8 15.
b5 axb5 16. axb5 Bd7 17. f5 Nf8 18. e5 Nd5 19. Nxd5+ exd5 20. e6 Be8 21. Ba3+
1-0

[Event "Mitropa Cup"]
[Site "Charleville (Frankreich)"]
[Date "2000.11.26"]
[Round "2.3"]
[White "Vavra, Pavel"]
[Black "Sulava, Nenad"]
[Result "1-0"]
[WhiteElo "2393"]
[BlackElo "2549"]
[Annotator "REPUBLIQUE TCHEQUE-CROATIE"]
[PlyCount "113"]
[EventDate "2000.11.26"]

1. e4 c5 2. Nf3 e6 3. d3 Nc6 4. g3 d5 5. Nbd2 Nge7 6. Bg2 h6 7. h4 g6 8. O-O
Bg7 9. Re1 b6 10. c3 O-O 11. e5 Ba6 12. Nf1 b5 13. Be3 d4 14. cxd4 cxd4 15. Bd2
b4 16. Qe2 Rc8 17. N1h2 Nd5 18. Ng4 Kh7 19. h5 Nce7 20. Nxd4 Qb6 21. Qe4 Nf5
22. hxg6+ fxg6 23. Nxe6 Qxe6 24. Qxd5 Qb6 25. Qb3 Nd4 26. Qxb4 Nc2 27. Qxb6
axb6 28. d4 Nxd4 29. Nf6+ Kh8 30. Re4 Rfd8 31. Be3 Nc2 32. Rc1 Bd3 33. Rh4 Nxe3
34. Rxc8 Rxc8 35. fxe3 Bf8 36. Rd4 Bf5 37. g4 Be6 38. Bd5 Rc1+ 39. Kf2 Bc8 40.
Rc4 Rxc4 41. Bxc4 Be7 42. Kg3 Kg7 43. Ne4 Bb4 44. a3 Be1+ 45. Kf4 Bh4 46. Nd6
Bg5+ 47. Kf3 Bd7 48. e6 Bc6+ 49. e4 Kf8 50. Bd5 Be8 51. b4 h5 52. b5 Be7 53. e5
g5 54. a4 Bd8 55. Nc8 Bg6 56. a5 bxa5 57. b6 1-0

[Event "Mitropa Cup"]
[Site "Charleville (Frankreich)"]
[Date "2000.11.26"]
[Round "2.4"]
[White "Golubovic, Boris"]
[Black "Pisk, Petr"]
[Result "1-0"]
[WhiteElo "2466"]
[BlackElo "2400"]
[Annotator "CROATIE-REPUBLIQUE TCHEQUE"]
[PlyCount "119"]
[EventDate "2000.11.26"]

1. d4 Nf6 2. Nf3 g6 3. c4 Bg7 4. g3 O-O 5. Bg2 d6 6. O-O a6 7. Nc3 Nc6 8. b3
Rb8 9. e3 Bd7 10. Qe2 e5 11. dxe5 dxe5 12. Ba3 Re8 13. Rfd1 Qc8 14. Ng5 h6 15.
Nge4 Nxe4 16. Bxe4 Bg4 17. f3 Bf5 18. Rac1 a5 19. Rd2 Bxe4 20. fxe4 Nb4 21. Nd5
Nxd5 22. cxd5 Qd7 23. Rdc2 Rbc8 24. Rc5 a4 25. Qb5 Qg4 26. Rxc7 Rxc7 27. Rxc7
Ra8 28. Qf1 f5 29. d6 Rd8 30. exf5 axb3 31. axb3 gxf5 32. Qc4+ Kh7 33. Qxg4
fxg4 34. Rxb7 Kg6 35. Bc5 Bf8 36. b4 Kf5 37. d7 Ke6 38. Bxf8 Rxf8 39. Kg2 Rd8
40. Rb6+ Kxd7 41. h3 Kc7 42. Rxh6 Rd2+ 43. Kf1 gxh3 44. Rxh3 Rb2 45. Rh4 Kd6
46. Ke1 Kd5 47. Kd1 Rg2 48. Rg4 Rb2 49. Kc1 Re2 50. b5 Rxe3 51. b6 Rb3 52. Rg6
Kd4 53. Kc2 Rb5 54. g4 e4 55. g5 e3 56. Rd6+ Ke5 57. Rf6 e2 58. Kd2 Rb2+ 59.
Ke1 Ke4 60. g6 1-0

[Event "Mitropa Cup"]
[Site "Charleville (Frankreich)"]
[Date "2000.11.26"]
[Round "2.1"]
[White "Arlandi, Ennio"]
[Black "Jenni, Florian"]
[Result "0-1"]
[WhiteElo "2437"]
[BlackElo "2440"]
[Annotator "ITALIE-SUISSE"]
[PlyCount "122"]
[EventDate "2000.11.26"]

1. d4 Nf6 2. c4 e6 3. Nc3 Bb4 4. Qc2 O-O 5. a3 Bxc3+ 6. Qxc3 b6 7. Bg5 Bb7 8.
f3 h6 9. Bh4 d5 10. e3 Nbd7 11. cxd5 Nxd5 12. Bxd8 Nxc3 13. Bh4 Nd5 14. Bf2 c5
15. Bb5 Rfd8 16. Ne2 cxd4 17. Nxd4 a6 18. Ba4 Rac8 19. Ke2 Nc5 20. Bc2 a5 21.
Rhd1 Ba6+ 22. Ke1 g6 23. Ne2 Nd7 24. Rac1 Ne5 25. Nf4 Nf6 26. Rxd8+ Rxd8 27. e4
Nfd7 28. Rd1 Rc8 29. Bb1 g5 30. Nd3 Nxd3+ 31. Bxd3 Bxd3 32. Rxd3 Ne5 33. Rd2
Rc1+ 34. Ke2 Nc4 35. Rd8+ Kg7 36. Bd4+ e5 37. Bc3 f6 38. a4 Rg1 39. b3 Rxg2+
40. Kd3 Nb2+ 41. Ke3 Rc2 42. Bd2 Rc6 43. Ke2 h5 44. Be1 Rc1 45. Bf2 Rc3 46. Rd6
b5 47. axb5 Rxb3 48. b6 a4 49. Rd7+ Kg6 50. Ra7 Nc4 51. Rxa4 Rb2+ 52. Kf1 Nxb6
53. Bxb6 Rxb6 54. Ra2 g4 55. fxg4 hxg4 56. Kg2 Rb3 57. Re2 Kg5 58. Re1 Kf4 59.
Rf1+ Rf3 60. Re1 Re3 61. Rf1+ Kg5 0-1

[Event "Mitropa Cup"]
[Site "Charleville (Frankreich)"]
[Date "2000.11.26"]
[Round "2.2"]
[White "Ekstroem, Roland"]
[Black "Belotti, Bruno"]
[Result "0-1"]
[WhiteElo "2487"]
[BlackElo "2417"]
[Annotator "SUISSE-ITALIE"]
[PlyCount "50"]
[EventDate "2000.11.26"]

1. e4 c5 2. c3 d5 3. exd5 Qxd5 4. d4 Nf6 5. Nf3 g6 6. Qb3 cxd4 7. Bc4 Qe4+ 8.
Kf1 e6 9. cxd4 a6 10. Bg5 Bg7 11. Nc3 Qf5 12. Re1 Nc6 13. d5 Na5 14. Qa4+ b5
15. Qxa5 bxc4 16. Qb4 Qd3+ 17. Kg1 h6 18. Ne5 Qf5 19. Qd6 Qxg5 20. Qc6+ Nd7 21.
Nxd7 Bxd7 22. Qxa8+ Ke7 23. d6+ Kxd6 24. Ne4+ Ke7 25. Qxh8 Qa5 0-1

[Event "Mitropa Cup"]
[Site "Charleville (Frankreich)"]
[Date "2000.11.26"]
[Round "2.3"]
[White "Mantovani, Renzo"]
[Black "Pelletier, Yannick"]
[Result "1/2-1/2"]
[WhiteElo "2410"]
[BlackElo "2474"]
[Annotator "ITALIE-SUISSE"]
[PlyCount "94"]
[EventDate "2000.11.26"]

1. Nf3 Nf6 2. c4 e6 3. g3 a6 4. Nc3 d5 5. cxd5 exd5 6. d4 Be7 7. Bg2 O-O 8. O-O
Bf5 9. Ne5 c6 10. Qb3 Ra7 11. Bf4 Nbd7 12. Rad1 Qb6 13. Nxd7 Nxd7 14. Qxb6 Nxb6
15. f3 a5 16. Rf2 Rc8 17. Bf1 a4 18. e4 Be6 19. Be3 Ra5 20. Rc2 h5 21. Kf2 Raa8
22. Bd3 Rf8 23. h4 Rad8 24. Kg2 dxe4 25. fxe4 f5 26. d5 fxe4 27. Bxb6 exd3 28.
Rxd3 Bxd5+ 29. Nxd5 Rxd5 30. Rxd5 cxd5 31. Rc7 Bf6 32. Rxb7 Bxb2 33. Bc5 Rc8
34. Rxb2 Rxc5 35. Kf3 Rc3+ 36. Kf4 Rd3 37. Rb7 Kh7 38. Rd7 Kh6 39. a3 Rxa3 40.
Rxd5 Rb3 41. Rd4 a3 42. Ra4 Kg6 43. g4 hxg4 44. Kxg4 Kf6 45. h5 Ke6 46. Ra7 Rd3
47. Kf4 Kd5 1/2-1/2

[Event "Mitropa Cup"]
[Site "Charleville (Frankreich)"]
[Date "2000.11.26"]
[Round "2.4"]
[White "Zueger, Beat"]
[Black "Lanzani, Mario"]
[Result "1/2-1/2"]
[WhiteElo "2416"]
[BlackElo "2419"]
[Annotator "SUISSE-ITALIE"]
[PlyCount "41"]
[EventDate "2000.11.26"]

1. Nf3 Nf6 2. g3 b6 3. Bg2 Bb7 4. O-O e6 5. c4 Be7 6. Nc3 O-O 7. Re1 d5 8. cxd5
exd5 9. d4 c5 10. Bg5 h6 11. Bxf6 Bxf6 12. e4 dxe4 13. Nxe4 Bxe4 14. Rxe4 cxd4
15. Ne5 Bxe5 16. Rxe5 Qf6 17. Re1 Nc6 18. Rc1 Rac8 19. Rxc6 Rxc6 20. Bxc6 Qxc6
21. Qxd4 1/2-1/2

[Event "Mitropa Cup"]
[Site "Charleville (Frankreich)"]
[Date "2000.11.26"]
[Round "2.1"]
[White "Balinov, Ilija"]
[Black "Varga, Zoltan"]
[Result "1-0"]
[WhiteElo "2453"]
[BlackElo "2541"]
[Annotator "AUTRICHE-HONGRIE"]
[PlyCount "83"]
[EventDate "2000.11.26"]

1. e4 c6 2. d4 d5 3. e5 Bf5 4. c3 e6 5. Be3 Nd7 6. Nd2 h6 7. f4 g5 8. g4 gxf4
9. gxf5 fxe3 10. Ndf3 exf5 11. Qd3 Qb6 12. O-O-O Ne7 13. Kb1 O-O-O 14. Ne2 Rg8
15. Bh3 Qb5 16. Qxe3 Nb6 17. b3 Kb8 18. Qd3 Qxd3+ 19. Rxd3 Na8 20. Nh4 Nc7 21.
Rg3 Rg5 22. Rf1 Rh5 23. Nxf5 Nxf5 24. Rxf5 Rxf5 25. Bxf5 Ne8 26. Rg8 Be7 27.
Ng3 Bg5 28. Rf8 Nc7 29. Rxf7 c5 30. Kc2 cxd4 31. cxd4 a5 32. Kd3 Na6 33. Bd7
Nb4+ 34. Kc3 Nxa2+ 35. Kb2 Nb4 36. e6 Kc7 37. Nf5 Rb8 38. h4 Bf4 39. Bc8+ Kb6
40. Rxb7+ Rxb7 41. Bxb7 Kxb7 42. e7 1-0

[Event "Mitropa Cup"]
[Site "Charleville (Frankreich)"]
[Date "2000.11.26"]
[Round "2.2"]
[White "Acs, Peter"]
[Black "Pilaj, Herwig"]
[Result "1-0"]
[WhiteElo "2497"]
[BlackElo "2334"]
[Annotator "HONGRIE-AUTRICHE"]
[PlyCount "83"]
[EventDate "2000.11.26"]

1. e4 c5 2. Nf3 e6 3. d4 cxd4 4. Nxd4 Nc6 5. Nb5 d6 6. c4 Nf6 7. N1c3 a6 8. Na3
Be7 9. Be2 O-O 10. O-O b6 11. Be3 Bb7 12. Qb3 Nd7 13. Rfd1 Nc5 14. Qc2 Bf6 15.
f3 Be5 16. g3 Qf6 17. Qd2 h6 18. Rab1 Rfd8 19. Nc2 b5 20. cxb5 axb5 21. Nxb5
Rxa2 22. Nbd4 Nxd4 23. Nxd4 Qg6 24. Bf1 h5 25. Bg2 h4 26. Ne2 h3 27. Bxc5 hxg2
28. Bd4 Rda8 29. Bxe5 dxe5 30. Nc3 R2a7 31. Qe3 f5 32. Qb6 fxe4 33. Rd8+ Rxd8
34. Qxd8+ Kh7 35. Qb6 exf3 36. Qxa7 Qd3 37. Rd1 Qc4 38. Qe3 e4 39. Re1 Kg8 40.
Nxe4 Bxe4 41. Qxe4 Qc5+ 42. Qe3 1-0